Mort subite : Préfectures et sous-préfectures des Hauts de France - Statistiques

Statistiques générales
  • Ce quiz a été pris 87 fois
  • Le résultat moyen est 9 sur 26
Answers on the Grid
Answers color-coded by a green-red scale on the quiz's grid according to % correct below.
Abbeville
Amiens
Amnéville
Arras
Ault
Avesnes-sur-Helpe
Beauvais
Béthune
Boulogne-sur-mer
Calais
Cambraix
Camon
Cayeux-sur-mer
Chambly
Chantilly
Château-Thierry
Clermont
Compiègne
Creil
Dieppe
Douai
Doullens
Dunkerque
Ermenonville
Laon
Le Touquet
Lens
Lille
Marcq-en-Barœul
Maubeuge
Montdidier
Montreuil
Moreuil
Nogent-sur-Oise
Péronne
Roubaix
Saint-Omer
Saint-Quentin
Senlis
Soissons
Thionville
Tourcoing
Valenciennes
Vervins
Villeneuve d'Ascq
Villers-Cotterêts
 
Statistiques - réponses
Réponse % Correct
Arras
65%
Lille
62%
Amiens
56%
Calais
54%
Lens
48%
Beauvais
46%
Boulogne-sur-mer
44%
Douai
44%
Laon
44%
Dunkerque
42%
Valenciennes
42%
Saint-Omer
38%
Compiègne
35%
Saint-Quentin
35%
Béthune
33%
Soissons
31%
Abbeville
29%
Château-Thierry
27%
Montreuil
25%
Péronne
25%
Avesnes-sur-Helpe
23%
Montdidier
23%
Senlis
21%
Clermont
19%
Vervins
17%
Cambraix
10%
Aucun quiz correspondant
Distribution des résultats
% des personnes avec chaque résultat
Percentile par nombre de réponses
Votre historique - résultats
Vous n’avez pas pris ce quiz